| 000 | 00560nam a22001817a 4500 | ||
|---|---|---|---|
| 005 | 20251108175211.0 | ||
| 008 | 250721s1993 xx 000 0 ara d | ||
| 082 | 1 | 4 | _a338.18/لقو |
| 100 | 1 | _aلقوشه، رفعت | |
| 245 | 1 | 0 | _aدراسات في اقتصاديات الزراعة التنمية الريفية / |
| 264 | 1 |
_aالقاهرة _ مصر : _bالمكتبة الاكاديمية، _c1993. |
|
| 300 | _a219ص. | ||
| 650 | 1 | 7 | _aالتمية |
| 650 | 1 | 7 | _aالاقتصاد |
| 650 | 1 | 7 | _aالزراعة |
| 942 |
_2ddc _cBK |
||
| 999 |
_c128544 _d128544 |
||